| 000 | 00413nam a2200157Ia 4500 | ||
|---|---|---|---|
| 008 | 220216s9999 xx 000 0 und d | ||
| 100 | _aArun B | ||
| 245 | 0 | _aInfluence of carbon black, process oil and antidegradant in a NR/BR blend | |
| 260 |
_bRubber World _c2005 |
||
| 300 | _a28-33,44 | ||
| 650 | _aCarbon black | ||
| 650 | _aNR/BR blend | ||
| 700 | _aSubrahmanian V | ||
| 700 | _aTaneja V | ||
| 942 | _cJS | ||
| 999 |
_c61191 _d61191 |
||